000 03177cam a2200373 a 4500
003 PE-LiUPU
005 20250731184611.0
008 021001s2002 nyua 001 0 eng c
020 _a0060508663
040 _bspa
_cPE-LiUPU
_dPE-LiUPU
_erda
082 0 0 _a974.7
_223
_bS479
245 0 4 _aThe September 11 photo project /
_cEditado por Michael Feldschuh
264 _aNew York :
_bReganBooks,
_c2002.
300 _a197 páginas :
_bilustrado ;
_c30 centímetros.
504 _aContiene index.
505 _aFotografías de “El Proyecto Fotográfico del 11 de septiembre” en una galería de la ciudad de SoHo, Nueva York, en respuesta a los ataques terroristas del 11 de septiembre de 2001. Están agrupadas por colaborador, tal como se presentaron en la galería, sin una temática ni orden cronológico específico. Se han presentado juntas las fotografías que iban acompañadas de texto siempre que ha sido posible. Las páginas siguientes reflejan la diversidad de las paredes de la galería.
520 _aEl Proyecto Fotográfico del 11 de septiembre es un foro abierto para exhibir fotografías y palabras en respuesta a los ataques terroristas del 11 de septiembre de 2001. Comenzó como un esfuerzo para recopilar material de cualquier persona interesada en participar. El objetivo era permitir que las personas fueran testigos de la expresión y el dolor de los demás, promoviendo así la comprensión de la tragedia a nivel humano y un proceso de curación. Se exhibieron todas las fotografías y palabras enviadas por los participantes, y se dio la bienvenida a todos los que quisieran verlas. El 13 de octubre, la galería abrió en SoHo, Nueva York, a menos de doce cuadras de la Zona Cero, con aproximadamente doscientas fotos en una galería de cuatro mil pies cuadrados. En las semanas y meses siguientes, las paredes se cubrieron con más de cuatro mil fotografías y notas escritas por miembros de la comunidad de la ciudad de Nueva York, Estados Unidos y el mundo. Más de cuarenta mil personas visitaron la exposición para mostrar su trabajo o apreciar las fotografías y las palabras de los demás. Este libro representa el esfuerzo del proyecto por llevar la experiencia de la galería a aquellos que no pueden verla en persona. Las fotografías están agrupadas por colaborador, tal como se presentaron en la galería, sin una temática ni orden cronológico específico. Se han presentado juntas las fotografías que iban acompañadas de texto siempre que ha sido posible. Las páginas siguientes reflejan la diversidad de las paredes de la galería SoHo y la convicción del proyecto de que ninguna presentación es mejor o peor que otra.
526 _aP136
526 _aP135
526 _aP134
526 _aP133
526 _aP144
526 _aP143
526 _aP87
526 _aP35
526 _aP20
526 _aP14
526 _aP10
526 _aP06
650 0 _aAtaques terroristas del 11 de septiembre de 2001.
_vFotografías
_91712
700 1 _aFeldschuh, Michael.
_eeditor.
942 _2ddc
_cBK
980 _623148
_aAnálisis Documental EVILA ACOSTA
_81
_gALBERTO SANCHEZ Responsable de Automatización
999 _c61932
_d61932